[Event "OLNW 2122 SV Werder Bremen III - SF Han"]
[Site "?"]
[Date "2021.11.21"]
[Round "3.6"]
[White "Franke, Reiner"]
[Black "Koelle, Arthur"]
[Result "0-1"]
[WhiteElo "2254"]
[BlackElo "2147"]
[PlyCount "74"]
[EventDate "2021.??.??"]

1. c4 e6 2. Nf3 d5 3. g3 Nf6 4. Bg2 Be7 5. d4 O-O 6. Nc3 c6 7. O-O a5 8. b3 b6
9. Qd3 Na6 10. e4 Bb7 11. Rd1 Rc8 12. e5 Nd7 13. Bb2 Qc7 14. Rac1 Qb8 15. h4 h6
16. Qe2 Nc7 17. a4 Ba6 18. Bf1 c5 19. Nb5 Nxb5 20. axb5 Bb7 21. Bg2 Rfd8 22.
cxd5 Bxd5 23. Nd2 Bxg2 24. Kxg2 cxd4 25. Bxd4 Rxc1 26. Rxc1 Nc5 27. Bxc5 Bxc5
28. Rc3 Qb7+ 29. Qe4 Qd7 30. Nc4 Qxb5 31. Qb7 Bd4 32. Rf3 Qd7 33. Qxd7 Rxd7 34.
Rd3 Rd5 35. f4 Bc5 36. Nb2 Rxd3 37. Nxd3 h5 0-1

[Event "OLNW 2122 SV Werder Bremen III - SF Han"]
[Site "?"]
[Date "2021.11.21"]
[Round "3.7"]
[White "Spiess, Thomas"]
[Black "Elmali, Timur"]
[Result "1-0"]
[WhiteElo "1986"]
[BlackElo "2138"]
[PlyCount "77"]
[EventDate "2021.??.??"]

1. Nf3 Nf6 2. c4 g6 3. Nc3 Bg7 4. e4 d6 5. d4 O-O 6. Be2 Nbd7 7. O-O e5 8. Be3
c6 9. Qc2 Ng4 10. Bg5 f6 11. Bh4 h5 12. h3 Nh6 13. Rad1 g5 14. Bg3 h4 15. Bh2
Qe7 16. b4 b6 17. Rd2 Re8 18. Rfd1 Nf8 19. c5 dxc5 20. bxc5 bxc5 21. dxe5 fxe5
22. Rd6 g4 23. hxg4 Nxg4 24. Rxc6 Nxh2 25. Kxh2 Ne6 26. Bc4 Kh8 27. Bxe6 Bxe6
28. Nd5 Bxd5 29. Rxd5 Rac8 30. Qxc5 Rxc6 31. Qxc6 Qf8 32. Nxh4 Kh7 33. Qg6+ Kh8
34. Nf5 Bf6 35. Rd3 Bg7 36. Rh3+ Kg8 37. Nh6+ Kh8 38. Nf7+ Kg8 39. Rh8# 1-0

[Event "OLNW 2122 SV Werder Bremen III - SF Han"]
[Site "?"]
[Date "2021.11.21"]
[Round "3.8"]
[White "Steffens, Olaf"]
[Black "Schmidt, Benjamin"]
[Result "1-0"]
[WhiteElo "2114"]
[BlackElo "1900"]
[PlyCount "91"]
[EventDate "2021.??.??"]

1. a3 d5 2. g3 e5 3. Bg2 c5 4. d3 Nc6 5. Nf3 h6 6. c3 a5 7. a4 Be6 8. Na3 Nf6
9. Nb5 Be7 10. O-O Qd7 11. d4 e4 12. Ne5 Nxe5 13. dxe5 Ng4 14. f4 exf3 15. exf3
Nxe5 16. f4 Bg4 17. Qxd5 Nc6 18. Re1 Rd8 19. Qxc5 O-O 20. Qf2 Bf6 21. Be3 Rfe8
22. Bb6 Rc8 23. Bf3 Bxf3 24. Qxf3 Qd2 25. Qf2 Qxf2+ 26. Kxf2 Rxe1 27. Rxe1 Be7
28. Kf3 Kf8 29. Rd1 Ke8 30. Nc7+ Kf8 31. Nb5 Ke8 32. Rd5 Kf8 33. Rd7 Rb8 34.
Bc7 Rc8 35. Bd6 b6 36. Bxe7+ Nxe7 37. Nd6 Rb8 38. Ke4 f6 39. Kd4 g5 40. Kc4
gxf4 41. gxf4 Ng6 42. Rf7+ Kg8 43. Rxf6 Kg7 44. Rf7+ Kg8 45. Rc7 Rd8 46. Rc8
1-0

[Event "OLNW 2122 HSK Lister Turm - SK Lehrte"]
[Site "?"]
[Date "2021.12.12"]
[Round "4.1"]
[White "Stelmaszyk, Nico"]
[Black "Schneider, Ilja"]
[Result "0-1"]
[WhiteElo "2310"]
[BlackElo "2479"]
[PlyCount "132"]
[EventDate "2021.??.??"]

1. e4 e5 2. Bc4 Nf6 3. d4 exd4 4. Nf3 Bb4+ 5. c3 dxc3 6. bxc3 d5 7. exd5 Bd6 8.
O-O O-O 9. h3 Nbd7 10. Bb3 Nc5 11. c4 Bf5 12. Nd4 Bd3 13. Re1 Re8 14. Be3 Nfe4
15. Nd2 Qf6 16. Nxe4 Rxe4 17. Nf3 Rae8 18. Bc2 Qc3 19. Rc1 Bxc2 20. Rxc2 Qd3
21. Qc1 R4e7 22. Rd1 Qg6 23. Nd4 a6 24. Nb3 Nd3 25. Qb1 Rxe3 26. fxe3 Qe4 27.
Re2 Nf4 28. Qxe4 Nxe2+ 29. Kf2 Rxe4 30. Kxe2 Rxc4 31. Rd4 Rc2+ 32. Rd2 Rxd2+
33. Kxd2 f5 34. Nd4 g6 35. Kd3 Kf7 36. e4 Kf6 37. exf5 gxf5 38. Nf3 b5 39. g4
h6 40. Kd4 a5 41. Kd3 Be5 42. Kc2 a4 43. a3 fxg4 44. hxg4 Bd6 45. Kb2 Bc5 46.
Ka2 Bf8 47. Nd4 Ke5 48. Nxb5 Bd6 49. Nc3 Kf4 50. Nxa4 Kxg4 51. Nb2 h5 52. Nd3
Kf3 53. a4 Ke4 54. Nf2+ Kxd5 55. Kb3 c5 56. Kc3 Bg3 57. Nh3 Bc7 58. Kd3 c4+ 59.
Ke3 Bb6+ 60. Kf3 c3 61. Nf4+ Kc4 62. Ne2 c2 63. Kg3 Be3 64. Kf3 Kd3 65. a5 Kd2
66. a6 Ba7 0-1

[Event "OLNW 2122 HSK Lister Turm - SK Lehrte"]
[Site "?"]
[Date "2021.12.12"]
[Round "4.2"]
[White "Abel, Dennes"]
[Black "Schirm, Friedmar"]
[Result "1-0"]
[WhiteElo "2439"]
[BlackElo "2257"]
[PlyCount "165"]
[EventDate "2021.??.??"]

1. d4 b6 2. e4 e6 3. Nf3 Bb7 4. Bd3 c5 5. c3 Nf6 6. Qe2 Be7 7. O-O Nc6 8. a3 d6
9. Nbd2 O-O 10. b4 cxd4 11. cxd4 e5 12. Nb3 exd4 13. Nbxd4 Re8 14. Nxc6 Bxc6
15. Nd4 Bb7 16. Bb5 Nd7 17. Nc6 Bxc6 18. Bxc6 Rc8 19. b5 Bf6 20. Ra2 Re7 21.
Be3 Nc5 22. f3 Na4 23. Qd3 a6 24. Rc2 Nc5 25. Qc4 axb5 26. Qxb5 Ra7 27. Bd5
Rxa3 28. Bf2 Ra5 29. Qe2 Be5 30. f4 Bf6 31. Rd1 Qe7 32. Qf3 Ra1 33. Rxa1 Bxa1
34. Qb3 Qf6 35. g3 Bd4 36. Qxb6 Bxf2+ 37. Rxf2 Qd4 38. Qb2 Qe3 39. Qd2 Qxd2 40.
Rxd2 Kf8 41. Kf2 Ke7 42. Ra2 Rc7 43. Ke3 Nd7 44. Kd4 Nf6 45. Bb3 Rb7 46. Bc4
Rc7 47. Bb3 Rb7 48. Bc4 Rc7 49. Bb5 Rb7 50. Bc6 Rc7 51. Ra6 Nd7 52. Bd5 Nf6 53.
Bb3 Rb7 54. Bc4 Rc7 55. Be2 Nd7 56. Ra5 Nc5 57. Ra3 Ne6+ 58. Ke3 Nc5 59. Bb5
Rb7 60. Bc4 Rc7 61. Bd5 Nd7 62. Kd3 Nf6 63. Bb3 Nd7 64. Kd4 Nc5 65. Bd5 Nd7 66.
g4 h6 67. h4 Nf6 68. g5 hxg5 69. hxg5 Nxd5 70. Kxd5 g6 71. Ra5 Rb7 72. f5 gxf5
73. exf5 Rc7 74. Ra4 Rc5+ 75. Ke4 Rc7 76. Kf4 Rb7 77. f6+ Kd7 78. Re4 Kd8 79.
g6 fxg6 80. Kg5 d5 81. Re5 Rd7 82. Kxg6 Kc7 83. Re7 1-0

[Event "OLNW 2122 HSK Lister Turm - SK Lehrte"]
[Site "?"]
[Date "2021.12.12"]
[Round "4.3"]
[White "Hartogh, Christian"]
[Black "Hampel, Felix"]
[Result "1/2-1/2"]
[WhiteElo "2119"]
[BlackElo "2324"]
[PlyCount "146"]
[EventDate "2021.??.??"]

1. e4 c5 2. Nf3 e6 3. d4 cxd4 4. Nxd4 Nc6 5. Nc3 Qc7 6. Be2 Nf6 7. O-O a6 8.
Be3 Be7 9. f4 d6 10. Kh1 O-O 11. Qe1 Nxd4 12. Bxd4 b5 13. a3 Bb7 14. Qg3 Bc6
15. Rae1 Rad8 16. Bd3 Qd7 17. Re3 Nh5 18. Qg4 g6 19. Qxh5 e5 20. Qh6 exd4 21.
Rh3 Qxh3 22. Qxh3 dxc3 23. bxc3 Bf6 24. f5 Kg7 25. Qe3 Rd7 26. Rf3 Re8 27. Qf4
g5 28. Qd2 Bxe4 29. Re3 Rde7 30. Bxe4 Rxe4 31. Rxe4 Rxe4 32. Kg1 Ra4 33. Qxd6
Bxc3 34. g3 Bb2 35. Qd3 h6 36. Qb3 Bxa3 37. Qc3+ Kg8 38. Qc8+ Bf8 39. f6 Ra3
40. Kg2 b4 41. h4 Rc3 42. Qxa6 Rxc2+ 43. Kf3 b3 44. hxg5 b2 45. Qb5 Rc3+ 46.
Kg2 Rc5 47. Qxb2 Rxg5 48. Qd4 Rf5 49. g4 Rg5 50. Kf3 Rb5 51. Qc4 Rb6 52. Qd4
Rb3+ 53. Ke2 Rb5 54. Qd7 Rb6 55. Qf5 Rc6 56. Kd3 Rc5 57. Qd7 Re5 58. Kd4 Re6
59. Qb7 Rxf6 60. Ke4 Bd6 61. Ke3 Kg7 62. Qd5 Ba3 63. Ke2 Bc1 64. Qe5 Bf4 65.
Qd4 Kg6 66. Qe4+ Kg5 67. Kf3 Bb8+ 68. Kg2 Rf4 69. Qe7+ Kg6 70. Qd7 Be5 71. Kh1
f6 72. Qe8+ Kg7 73. Qe7+ Kg6 1/2-1/2

[Event "OLNW 2122 HSK Lister Turm - SK Lehrte"]
[Site "?"]
[Date "2021.12.12"]
[Round "4.4"]
[White "Voege, Tobias"]
[Black "Schruefer, Guenther"]
[Result "1-0"]
[WhiteElo "2288"]
[BlackElo "2197"]
[PlyCount "77"]
[EventDate "2021.??.??"]

1. d4 Nf6 2. c4 g6 3. Nc3 d5 4. cxd5 Nxd5 5. e4 Nxc3 6. bxc3 Bg7 7. Bc4 c5 8.
Ne2 O-O 9. O-O Nc6 10. Be3 Qc7 11. Rc1 Rd8 12. f4 e6 13. Qe1 Na5 14. Bd3 f5 15.
g4 fxe4 16. Bxe4 Nc4 17. Rf3 Nxe3 18. Rxe3 Bd7 19. Qh4 Bc6 20. Bd3 Qf7 21. f5
exf5 22. gxf5 Bf6 23. Qg4 g5 24. Nf4 cxd4 25. Re6 dxc3 26. Bc4 Kh8 27. Rxc6 Qd7
28. Rxf6 Qd4+ 29. Kg2 gxf4 30. Rh6 Rg8 31. Bxg8 Rxg8 32. Rg6 Qd2+ 33. Kh3 Qe3+
34. Kg2 hxg6 35. Qh4+ Kg7 36. Re1 Qd2+ 37. Kh1 Qd5+ 38. Kg1 gxf5 39. Kf2 1-0

[Event "OLNW 2122 HSK Lister Turm - SK Lehrte"]
[Site "?"]
[Date "2021.12.12"]
[Round "4.5"]
[White "Zschischang, Marine"]
[Black "Schulze, Torben"]
[Result "1/2-1/2"]
[WhiteElo "2066"]
[BlackElo "2280"]
[PlyCount "128"]
[EventDate "2021.??.??"]

1. d4 Nf6 2. Nf3 c5 3. e3 d5 4. c3 cxd4 5. exd4 Nc6 6. Nbd2 Qc7 7. Bd3 Bg4 8.
O-O e6 9. Re1 Bd6 10. Nf1 Rb8 11. a4 a6 12. Qe2 Bh5 13. Ng3 Bg6 14. Bxg6 hxg6
15. Ne5 Bxe5 16. dxe5 Nd7 17. f4 Na5 18. Be3 Nb3 19. Ra3 Na5 20. Bd4 Rc8 21.
Qg4 Qd8 22. h3 Qe7 23. Re2 Rc4 24. Qf3 Nc6 25. Be3 Nc5 26. b4 Nd7 27. Rb3 O-O
28. Bd2 Rc8 29. Re1 a5 30. b5 Ncb8 31. Ra1 Nc5 32. Rba3 Nbd7 33. Be3 Nb6 34.
Qd1 Ncxa4 35. Bd4 Nxc3 36. Rxc3 Rxc3 37. Ne2 Rc2 38. Bxb6 Rb2 39. Nd4 Rc4 40.
Rxa5 Qb4 41. Ra8+ Kh7 42. Ra1 Rxd4 43. Qxd4 Qxb5 44. Ba7 b6 45. Qe3 d4 46. Qg3
Rb1+ 47. Rxb1 Qxb1+ 48. Kh2 d3 49. Qh4+ Kg8 50. Qd8+ Kh7 51. Bxb6 d2 52. Qxd2
Qxb6 53. Qd7 Qf2 54. Qxf7 Kh6 55. Qxe6 Qxf4+ 56. Kg1 Qc1+ 57. Kf2 Qd2+ 58. Kg3
Qe3+ 59. Kh2 Qf4+ 60. Kg1 Qc1+ 61. Kh2 Qf4+ 62. Kg1 Qc1+ 63. Kh2 Qf4+ 64. Kg1
Qc1+ 1/2-1/2

[Event "OLNW 2122 HSK Lister Turm - SK Lehrte"]
[Site "?"]
[Date "2021.12.12"]
[Round "4.6"]
[White "Polster, Christian"]
[Black "Zschischang, Gunnar"]
[Result "1/2-1/2"]
[WhiteElo "2236"]
[BlackElo "2102"]
[PlyCount "161"]
[EventDate "2021.??.??"]

1. e4 c5 2. Nc3 d6 3. Nge2 e6 4. g3 g6 5. Bg2 Bg7 6. d4 cxd4 7. Nxd4 a6 8. O-O
Ne7 9. a4 Nbc6 10. Nb3 O-O 11. a5 Qc7 12. Be3 Bd7 13. Bb6 Qb8 14. Qe2 Nc8 15.
Be3 Qc7 16. Rfd1 Ne5 17. Nd2 b5 18. axb6 Nxb6 19. Rxa6 Rxa6 20. Qxa6 Nec4 21.
Bxb6 Nxb6 22. Ndb1 Ra8 23. Qd3 Ra1 24. Bf1 d5 25. exd5 exd5 26. Nxd5 Nxd5 27.
Qxd5 Qxc2 28. Qxd7 Rxb1 29. Qd8+ Bf8 30. Rxb1 Qxb1 31. Qb6 Qe1 32. b3 Bb4 33.
Qd8+ Kg7 34. Qd4+ Kg8 35. Kg2 Qe7 36. Bc4 Bc5 37. Qd5 Bb4 38. h4 h5 39. f4 Qf6
40. Qb7 Qe7 41. Qf3 Qf6 42. f5 Qxf5 43. Qxf5 gxf5 44. Be2 Be1 45. Kh3 Kg7 46.
Bxh5 Kf6 47. Be2 Kg6 48. Bc4 Bb4 49. Kg2 Be1 50. Kf3 Bb4 51. Bd3 Kf6 52. Bc4
Kg6 53. Ba6 Kf6 54. Bc8 Kg6 55. Kf4 Bd6+ 56. Kf3 Bb4 57. h5+ Kxh5 58. Bxf5 Kg5
59. Ke4 Kf6 60. g4 Ke7 61. Kd5 Kd8 62. Kc6 Bd2 63. Kc5 Kc7 64. b4 Kb8 65. b5 f6
66. b6 Bc3 67. Kc6 Bb2 68. Be4 Bc3 69. Kd7 Bb2 70. Ke6 Bc3 71. Kf5 Bb2 72. Bc6
Bc3 73. Ke4 Bb2 74. Kd3 Be5 75. Kc4 Bb2 76. Kd5 Bc3 77. b7 Bb2 78. Ke6 Bc3 79.
Kf5 Bb2 80. Ke4 Bc3 81. Kd5 1/2-1/2

[Event "OLNW 2122 HSK Lister Turm - SK Lehrte"]
[Site "?"]
[Date "2021.12.12"]
[Round "4.7"]
[White "Beduerftig, Heinrich"]
[Black "Wolter, Jens"]
[Result "1/2-1/2"]
[WhiteElo "2146"]
[BlackElo "2126"]
[PlyCount "59"]
[EventDate "2021.??.??"]

1. Nf3 c5 2. e4 Nc6 3. Bb5 g6 4. Bxc6 dxc6 5. d3 Bg7 6. O-O b6 7. Nc3 e5 8. Be3
f6 9. Nd2 Nh6 10. f3 O-O 11. a4 a5 12. Nc4 Be6 13. b3 Nf7 14. Qe1 Nd6 15. Kh1
Kh8 16. Rd1 Qc7 17. Rd2 Rad8 18. f4 Bxc4 19. bxc4 f5 20. fxe5 Bxe5 21. Rdf2 Qg7
22. Bd2 Bd4 23. Re2 fxe4 24. Nxe4 Rxf1+ 25. Qxf1 Rf8 26. Qe1 Qf7 27. Ng3 Nf5
28. Nxf5 Qxf5 29. Re8 Kg7 30. Rxf8 1/2-1/2

[Event "OLNW 2122 HSK Lister Turm - SK Lehrte"]
[Site "?"]
[Date "2021.12.12"]
[Round "4.8"]
[White "Gabriel, Uwe"]
[Black "Reimer, Philip"]
[Result "0-1"]
[WhiteElo "1973"]
[BlackElo "1983"]
[PlyCount "84"]
[EventDate "2021.??.??"]

1. c4 c5 2. Nc3 Nc6 3. g3 g6 4. Bg2 Bg7 5. Nf3 d6 6. O-O e6 7. e3 Nge7 8. d4
O-O 9. d5 Na5 10. Nd2 Bxc3 11. bxc3 Rb8 12. f4 b6 13. Rf2 Ba6 14. dxe6 fxe6 15.
Bh3 Nf5 16. e4 Ng7 17. Bf1 Rb7 18. Be2 Qf6 19. Nb3 Nxc4 20. Qd3 Rbb8 21. Qc2
Rbd8 22. a4 Kh8 23. a5 b5 24. Bf3 b4 25. cxb4 cxb4 26. Ra4 Rb8 27. e5 Qe7 28.
Nd4 Qd7 29. Bc6 Qc7 30. Qb3 dxe5 31. fxe5 Rxf2 32. Kxf2 Qxe5 33. Qd3 Nb2 34.
Qxa6 Qxd4+ 35. Kg2 Nxa4 36. Bxa4 Qe4+ 37. Kh3 Qf5+ 38. Kg2 Qd5+ 39. Kh3 g5 40.
Bb2 g4+ 41. Kxg4 Qf5+ 42. Kh4 Qh5# 0-1

[Event "OLNW 2122 SV Werder Bremen III - SK Nor"]
[Site "?"]
[Date "2021.12.12"]
[Round "4.1"]
[White "Kroeze, Frank"]
[Black "Colbow, Collin"]
[Result "0-1"]
[WhiteElo "2389"]
[BlackElo "2322"]
[PlyCount "92"]
[EventDate "2021.??.??"]

1. e4 e5 2. Nf3 Nc6 3. Nc3 Nf6 4. d4 exd4 5. Nxd4 Bb4 6. Nxc6 bxc6 7. Bd3 d5 8.
exd5 cxd5 9. Qe2+ Be7 10. Bg5 O-O 11. O-O-O c6 12. Rhe1 Bb4 13. Qe5 Bd6 14. Qe3
Bd7 15. Bf4 Re8 16. Qd2 Rxe1 17. Rxe1 Bb4 18. Be5 Ng4 19. a3 Nxe5 20. Rxe5 Bd6
21. Rh5 g6 22. Qh6 Bf4+ 23. Qxf4 gxh5 24. Qh6 f5 25. Ne2 Qf8 26. Qxh5 Qf6 27.
Qf3 Re8 28. Kb1 Kh8 29. Nf4 Rb8 30. b3 Re8 31. Ne2 Qe5 32. Qh5 c5 33. Qf7 Qe6
34. Qxe6 Bxe6 35. Nf4 c4 36. Be2 cxb3 37. cxb3 Kg7 38. b4 Kf6 39. Kb2 Ke5 40.
g3 Bd7 41. Kb3 Ke4 42. b5 Rc8 43. a4 Kd4 44. a5 Kc5 45. Nd3+ Kd6 46. Nf4 Rb8
0-1

[Event "OLNW 2122 SV Werder Bremen III - SK Nor"]
[Site "?"]
[Date "2021.12.12"]
[Round "4.2"]
[White "Lichmann, Peter"]
[Black "Bertholee, Rob"]
[Result "1-0"]
[WhiteElo "2323"]
[BlackElo "2327"]
[PlyCount "99"]
[EventDate "2021.??.??"]

1. f4 d5 2. Nf3 Bg4 3. e3 Nd7 4. Be2 e6 5. O-O Bd6 6. b3 Ngf6 7. Bb2 O-O 8. Ne5
Bxe2 9. Qxe2 c6 10. d3 Qc7 11. Nxd7 Nxd7 12. Qg4 e5 13. f5 f6 14. e4 Bc5+ 15.
Kh1 Be3 16. Nc3 d4 17. Ne2 a5 18. Bc1 Bxc1 19. Raxc1 a4 20. Qh5 axb3 21. axb3
Ra2 22. g4 Qa5 23. Rfd1 Qc5 24. Rg1 Qb4 25. Rg2 Qd2 26. Rcg1 Qg5 27. h4 Qe3 28.
Ng3 Rfa8 29. g5 Ra1 30. Nf1 Qf4 31. gxf6 Nxf6 32. Rxg7+ Kh8 33. Qg5 Qxg5 34.
R7xg5 R8a2 35. Nd2 Rxg1+ 36. Kxg1 Nd7 37. Nc4 Rxc2 38. h5 h6 39. Rg6 Nf8 40.
Rxh6+ Kg7 41. Rd6 Rc3 42. Nxe5 Rxb3 43. h6+ Kg8 44. Rd8 Rb1+ 45. Kg2 Rb2+ 46.
Kg3 Rd2 47. Ng6 Rxd3+ 48. Kg4 Re3 49. Rxf8+ Kh7 50. Rh8# 1-0

[Event "OLNW 2122 SV Werder Bremen III - SK Nor"]
[Site "?"]
[Date "2021.12.12"]
[Round "4.3"]
[White "Stotyn, Fabian"]
[Black "Kardoeus, David"]
[Result "1-0"]
[WhiteElo "2174"]
[BlackElo "2169"]
[PlyCount "137"]
[EventDate "2021.??.??"]

1. e4 c6 2. d4 d5 3. f3 g6 4. Be3 dxe4 5. fxe4 Nf6 6. Nc3 Ng4 7. Bf4 e5 8. dxe5
Qb6 9. Qd2 Bc5 10. Na4 Bf2+ 11. Kd1 Be3 12. Nxb6 Bxd2 13. Kxd2 axb6 14. Ke1 Nd7
15. Nf3 f6 16. exf6 Ngxf6 17. Bd3 O-O 18. Bd6 Re8 19. Bc4+ Kg7 20. e5 b5 21.
Bb3 Ne4 22. Bc7 g5 23. h3 b6 24. e6 Ndf6 25. Bxb6 c5 26. a3 Bxe6 27. Bxe6 Rxe6
28. Bc7 Rae8 29. Kf1 Nd5 30. Bh2 h5 31. Re1 g4 32. hxg4 hxg4 33. Be5+ Rxe5 34.
Nxe5 Rxe5 35. Kg1 g3 36. Rh4 Ndf6 37. Rf4 Rd5 38. Kf1 Rd4 39. Rf5 Kg6 40. Re5
Nd6 41. Rxc5 Rf4+ 42. Kg1 Nfe4 43. Re5 Kf6 44. Rd5 Ke6 45. Rd3 Nf5 46. Rb3 Kf6
47. Rxb5 Nd4 48. Rb6+ Kg5 49. c3 Nf5 50. Rb4 Nfd6 51. a4 Rf2 52. a5 Rf5 53.
Rbxe4 Nxe4 54. Rxe4 Rxa5 55. Kf1 Rb5 56. Re2 Ra5 57. Ke1 Ra2 58. Kd1 Kf4 59.
Kc2 Ra1 60. c4 Ra4 61. Kd3 Ra1 62. c5 Rc1 63. Re4+ Kf5 64. Rc4 Rd1+ 65. Ke2 Rb1
66. Rc2 Ke4 67. c6 Rg1 68. Rc4+ Ke5 69. c7 1-0

[Event "OLNW 2122 SV Werder Bremen III - SK Nor"]
[Site "?"]
[Date "2021.12.12"]
[Round "4.4"]
[White "Brinkmann, Fabian"]
[Black "Schulz, Jens"]
[Result "1-0"]
[WhiteElo "2133"]
[BlackElo "2181"]
[PlyCount "137"]
[EventDate "2021.??.??"]

1. d4 Nf6 2. Nf3 d5 3. c4 e6 4. g3 dxc4 5. Bg2 a6 6. O-O Nc6 7. a4 Be7 8. Qc2
O-O 9. Qxc4 a5 10. Rd1 Nb4 11. Nc3 c6 12. e4 b6 13. Qb3 Bb7 14. Bf4 Nd7 15. Rd2
Qc8 16. Re1 c5 17. d5 c4 18. Qd1 Nd3 19. d6 Bd8 20. Rxd3 cxd3 21. Qxd3 Qc5 22.
e5 Rb8 23. Ne4 Bxe4 24. Rxe4 b5 25. Be3 Qc8 26. axb5 Nc5 27. Bxc5 Qxc5 28. Bf1
Bb6 29. Re2 h6 30. Rc2 Qb4 31. Kg2 Rfc8 32. Be2 Rc5 33. b3 Rbc8 34. Rc4 Rxc4
35. bxc4 Qc5 36. Qe4 Qxf2+ 37. Kh3 Qe3 38. Qb7 Rf8 39. Bd1 Bc5 40. Qc6 g5 41.
Kg4 Qd3 42. Qxc5 Qf5+ 43. Kh5 Qg6+ 44. Kg4 Qf5+ 45. Kh5 g4+ 46. Kh4 gxf3 47. g4
Qf4 48. Qf2 f5 49. Qxf3 Qxh2+ 50. Qh3 Qxe5 51. Qg3 f4 52. Qd3 Kg7 53. Bf3 Qe1+
54. Kh5 Qe5+ 55. Kh4 h5 56. d7 Qe1+ 57. Kg5 Qe5+ 58. Kh4 Kh6 59. Kh3 hxg4+ 60.
Bxg4 Qe1 61. Qf3 Kg5 62. Bh5 Qh4+ 63. Kg2 e5 64. Be8 Kh6 65. Qe4 Rg8+ 66. Kf1
Qg3 67. Qh1+ Kg7 68. d8=Q Rxe8 69. Qd7+ 1-0

[Event "OLNW 2122 SV Werder Bremen III - SK Nor"]
[Site "?"]
[Date "2021.12.12"]
[Round "4.5"]
[White "Wiebe, Patrick"]
[Black "Franke, Reiner"]
[Result "1-0"]
[WhiteElo "2244"]
[BlackElo "2241"]
[PlyCount "67"]
[EventDate "2021.??.??"]

1. c4 c5 2. g3 g6 3. Bg2 Bg7 4. Nc3 Nc6 5. a3 e6 6. e4 Nge7 7. Nge2 b6 8. Rb1
Bb7 9. O-O d6 10. d3 Qd7 11. h3 O-O 12. b4 Rac8 13. Bf4 Nd4 14. Nxd4 cxd4 15.
Ne2 f5 16. f3 h6 17. Qb3 g5 18. Bd2 Kh7 19. a4 fxe4 20. fxe4 Rxf1+ 21. Rxf1 d5
22. exd5 exd5 23. c5 bxc5 24. bxc5 Nf5 25. Rxf5 Qxf5 26. Qxb7 Rxc5 27. Qe7 Rc8
28. Nxd4 Qxd3 29. Ne6 Rg8 30. Be1 Qd1 31. Kh2 d4 32. Bf2 Kh8 33. Nxg7 Rxg7 34.
Qd8+ 1-0

[Event "OLNW 2122 SV Werder Bremen III - SK Nor"]
[Site "?"]
[Date "2021.12.12"]
[Round "4.6"]
[White "Elmali, Timur"]
[Black "Bierenbroodspot, Paul"]
[Result "1/2-1/2"]
[WhiteElo "2124"]
[BlackElo "2073"]
[PlyCount "40"]
[EventDate "2021.??.??"]

1. d4 d5 2. Bf4 e6 3. e3 Bd6 4. Nf3 f5 5. Nbd2 Nf6 6. Bd3 c5 7. dxc5 Bxc5 8.
O-O Nc6 9. c4 O-O 10. cxd5 Nxd5 11. Bg5 Be7 12. Bxe7 Qxe7 13. Qb3 Nb6 14. a4
Kh8 15. a5 Nd7 16. Bb5 e5 17. Bxc6 bxc6 18. Rfc1 Rb8 19. Qc3 c5 20. Nc4 Re8
1/2-1/2

[Event "OLNW 2122 SV Werder Bremen III - SK Nor"]
[Site "?"]
[Date "2021.12.12"]
[Round "4.7"]
[White "Hoellmann, Ludger"]
[Black "Steffens, Olaf"]
[Result "1-0"]
[WhiteElo "2107"]
[BlackElo "2100"]
[PlyCount "77"]
[EventDate "2021.??.??"]

1. Nf3 b6 2. d4 Ba6 3. g3 g6 4. Bg2 Bg7 5. O-O e6 6. Re1 Ne7 7. e4 d6 8. Nc3
Nd7 9. a4 O-O 10. Be3 h6 11. h3 Kh7 12. Nh2 c5 13. Nb5 Nc6 14. c3 cxd4 15. cxd4
e5 16. Nf3 exd4 17. Nfxd4 Nce5 18. f4 Nc4 19. Bf2 Bb7 20. b3 a6 21. bxc4 axb5
22. cxb5 Nc5 23. Ra2 Re8 24. Nc6 Qc7 25. e5 dxe5 26. Bxc5 bxc5 27. fxe5 Bxe5
28. Nxe5 Bxg2 29. Kxg2 Rxe5 30. Rxe5 Qxe5 31. Qf3 Ra7 32. b6 Rd7 33. a5 c4 34.
b7 Kg7 35. a6 Rd3 36. Qf2 c3 37. a7 Rd2 38. b8=Q Qd4 39. Rxd2 1-0

[Event "OLNW 2122 SV Werder Bremen III - SK Nor"]
[Site "?"]
[Date "2021.12.12"]
[Round "4.8"]
[White "Heldt, Nils-Lennart"]
[Black "Scheffner, Jarno"]
[Result "1-0"]
[WhiteElo "2068"]
[BlackElo "1951"]
[PlyCount "49"]
[EventDate "2021.??.??"]

1. e4 c5 2. Nf3 d6 3. d4 cxd4 4. Nxd4 Nf6 5. Nc3 a6 6. Bg5 e6 7. f4 Be7 8. Qf3
Nbd7 9. O-O-O Qc7 10. g4 h6 11. Bxf6 Bxf6 12. h4 Qb6 13. Nb3 Nc5 14. Nxc5 Qxc5
15. e5 dxe5 16. Ne4 Qa5 17. Nd6+ Ke7 18. g5 hxg5 19. hxg5 Rd8 20. gxf6+ gxf6
21. Nc4 Rxd1+ 22. Qxd1 Qd5 23. Qxd5 exd5 24. Nb6 Rb8 25. Rh8 1-0

[Event "OLNW 2122 Hamelner SV - SK Union Oldenb"]
[Site "?"]
[Date "2021.12.12"]
[Round "4.1"]
[White "Mueer, Sebastian"]
[Black "Bode, Wilfried"]
[Result "1/2-1/2"]
[WhiteElo "2244"]
[BlackElo "2353"]
[PlyCount "139"]
[EventDate "2021.??.??"]

1. d4 Nf6 2. Nf3 e6 3. Bf4 b6 4. e3 Bb7 5. Bd3 Nh5 6. Bg5 Be7 7. Bxe7 Qxe7 8.
O-O O-O 9. c4 d6 10. Nc3 Nd7 11. Re1 g6 12. Be4 Bxe4 13. Nxe4 Rfd8 14. Nc3 c5
15. a3 Nhf6 16. b4 Rac8 17. Nd2 d5 18. Qb3 cxd4 19. exd4 dxc4 20. Nxc4 Nb8 21.
Ne2 Nc6 22. Rad1 Nd5 23. b5 Na5 24. Nxa5 bxa5 25. Qa4 Nc3 26. Nxc3 Rxc3 27.
Qxa5 Rxa3 28. Qd2 Qd6 29. Ra1 Rxa1 30. Rxa1 Qxd4 31. Qxd4 Rxd4 32. g3 Rd7 33.
h4 Kf8 34. Kg2 Ke7 35. Ra6 Rb7 36. Kf3 h6 37. Ke4 f5+ 38. Kd4 Rxb5 39. Rxa7+
Kf6 40. Ke3 Rb3+ 41. Ke2 g5 42. hxg5+ hxg5 43. Ra6 g4 44. Ra5 Rc3 45. Rb5 Ra3
46. Rc5 Ke7 47. Rc6 Kd7 48. Rb6 Rc3 49. Ra6 Rc6 50. Ra2 Kd6 51. Ke3 Rc3+ 52.
Kd4 Rc1 53. Ra6+ Ke7 54. Ke3 Re1+ 55. Kd2 Re4 56. Kd3 Kf6 57. Rb6 Re5 58. Rb8
Ra5 59. Rb6 Ke5 60. Ke3 Kd5 61. Rb8 Ra3+ 62. Ke2 e5 63. Rb5+ Kd4 64. Rb4+ Kc5
65. Rb8 Kd5 66. Rb5+ Ke6 67. Rb6+ Kf7 68. Rb5 Ke6 69. Rb6+ Kd5 70. Rb5+ 1/2-1/2

[Event "OLNW 2122 Hamelner SV - SK Union Oldenb"]
[Site "?"]
[Date "2021.12.12"]
[Round "4.3"]
[White "Meessen, Max"]
[Black "Renner, Kai"]
[Result "1-0"]
[WhiteElo "2185"]
[BlackElo "2163"]
[PlyCount "147"]
[EventDate "2021.??.??"]

1. e4 c5 2. Nf3 e6 3. d4 cxd4 4. Nxd4 a6 5. c4 Nf6 6. Nc3 Qc7 7. Be2 b6 8. f4
Bb4 9. e5 Ne4 10. Qd3 Bb7 11. O-O Bxc3 12. bxc3 O-O 13. Qh3 d6 14. Ba3 Nd7 15.
exd6 Nxd6 16. f5 exf5 17. Nxf5 Nc5 18. Qg3 Ne8 19. Nh6+ Kh8 20. Qxc7 Nxc7 21.
Nxf7+ Kg8 22. Nd6 Bc6 23. Nf5 Rae8 24. Rae1 Re5 25. Nd4 Rfe8 26. Nxc6 Rxe2 27.
Rxe2 Rxe2 28. Bxc5 bxc5 29. a4 Re6 30. Nd8 Re4 31. Nc6 g6 32. Rb1 Ne8 33. Rb8
Kf8 34. Na5 Re1+ 35. Kf2 Ra1 36. Rc8 Rxa4 37. Nb7 Ke7 38. Rxc5 Ra3 39. Re5+ Kf7
40. Nd8+ Kf8 41. Re3 Nc7 42. Nc6 Ra4 43. Re7 Ne8 44. Rxh7 Rxc4 45. Ne5 Rxc3 46.
Nxg6+ Kg8 47. Rh8+ Kf7 48. Rf8+ Kxg6 49. Rxe8 Ra3 50. Re3 Ra1 51. Kf3 a5 52. g3
a4 53. Kg4 Rb1 54. Re6+ Kf7 55. Ra6 Rb4+ 56. Kg5 Rb5+ 57. Kh4 Rb2 58. h3 Rb4+
59. g4 Rc4 60. Kh5 Rc3 61. h4 a3 62. g5 Rb3 63. Ra7+ Kg8 64. Kh6 Rb6+ 65. g6
Rb8 66. Rxa3 Kh8 67. Ra5 Kg8 68. Kg5 Rb1 69. h5 Rb8 70. h6 Rc8 71. h7+ Kg7 72.
Ra7+ Kh8 73. Kh6 Rb8 74. g7# 1-0

[Event "OLNW 2122 Hamelner SV - SK Union Oldenb"]
[Site "?"]
[Date "2021.12.12"]
[Round "4.4"]
[White "van Son, Lutz"]
[Black "Wagner, Jan"]
[Result "1/2-1/2"]
[WhiteElo "2177"]
[BlackElo "2192"]
[PlyCount "45"]
[EventDate "2021.??.??"]

1. e4 g6 2. d4 Bg7 3. Nc3 c6 4. Be3 d5 5. e5 f6 6. f4 Nh6 7. Nf3 O-O 8. Qd2 Bg4
9. Be2 Nd7 10. O-O Nf5 11. Rae1 Bh6 12. g3 b5 13. Nd1 Qb6 14. Nf2 Bxf3 15. Bxf3
Rac8 16. Ng4 Bg7 17. c3 h5 18. Nf2 Bh6 19. Nd3 fxe5 20. dxe5 Nxe3 21. Qxe3
Qxe3+ 22. Rxe3 e6 23. Kg2 1/2-1/2